Statistiques concernant Culture Générale - Série 408

Cliquez ici pour prendre le quiz!

Statistiques générales

  • Ce quiz a été pris 277 fois
  • Le résultat moyen est 8 sur 10

Statistiques - réponses

QuestionRéponse% Correct
Quel est le féminin du mot "copain" ?Copine
100%
Selon l'expression populaire, lorsque l'on est de mauvaise humeur c'est que l'on s'est levé du pied...Gauche
99%
De quel mot le "G" du sigle T.G.V. est-il la première lettre ?Grande
99%
De quel pays la ville de Djibouti est-elle la capitale ?Djibouti
88%
Quel est le participe passé du verbe être ?été
85%
Sur TF1, qui est l'animateur de "Qui veut gagner des millions" ?Jean-Pierre Foucault
84%
Dans les albums de Lucky Luke, les quatre frères Dalton se prénomment : Averell, Jack, William et...Joe
82%
L'abréviation C.Q.F.D. signifie : "Ce qu'il fallait...Démontrer
79%
Dans quel film trouve-t-on cette réplique "Si j'aurais su j'aurais pas venu" ?La guerre des boutons
64%
Dans l'oeuvre de Cervantès, comment se prénomme la bien-aimée de Don Quichotte ?Dulcinée
24%

Distribution des résultats

Percentile par nombre de réponses

% des personnes avec chaque résultat

Votre développement - résultats

Vous n’avez pas pris ce quiz